000 00702nam a2200217 a 4500
001 BRCA_4723
005 20190320204759.0
008 840920s1940 fr-af#####---#000-0#spa-#
041 _aspa
044 _afr
050 4 _aND813
_b.M31 1940
100 1 _aMayer, August Liebmann
_d1885-1944
_911969
245 1 0 _aVelázquez
_cpar August L. Mayer.
260 _aFrancia
_bPierre Tisné : Bibliotèque Francaise des Arts
_c1940
300 _a44 p.
_bil. (algunas a color), 112 láminas
_c21 cm.
500 _aIncluye índice de láminas
504 _aBibliografía: p. [39]
650 1 4 _aPintura francesa
_vCatálogos
_911970
651 4 _aFrancia
_vExposiciones
_xPintura flamenca
_911971
942 _2lcc
_cB
999 _c4421
_d4421